| 000 | 00644nam a22001337a 4500 | ||
|---|---|---|---|
| 040 | _cRUA | ||
| 082 | _aAGR KOE 2017 B625 Or.01 | ||
| 100 | _aKOENG SOCHEATA កឹង សុជាតា | ||
| 245 | _acomparison of different rates of rice husk biochar on bonching onion (allium fistulosum) ប្រៀបធៀបធ្យូងអង្កាមក្នុងកម្រិតផ្សេងគ្នាលើដំណាំខ្ទឹមស្លឺក | ||
| 260 |
_aphnom penh _bRUA _c2017 |
||
| 300 |
_axii,34 _bill, _c29cm, |
||
| 856 | _uhttps://drive.google.com/file/d/1ZS3rvfT0Z9d1jr7E6ikJdjiOBuHTz8H_/view?usp=sharing | ||
| 942 | _cAGR | ||
| 999 |
_c17749 _d17749 |
||